Devinez la Capitale Mystère #127 - Statistiques

Statistiques générales
  • Ce quiz a été pris 115 fois
  • Le résultat moyen est 28 sur 35
Statistiques - réponses
Type de Réponse Réponse % Correct
Lettre Trouvée A
100%
Lettre de l'Alphabet E
100%
Lettre Trouvée N
100%
Lettre de l'Alphabet O
100%
Lettre de l'Alphabet R
100%
Lettre de l'Alphabet S
100%
Lettre de l'Alphabet B
99%
Lettre Trouvée I
99%
Lettre de l'Alphabet L
98%
Lettre Trouvée T
98%
Lettre de l'Alphabet M
95%
Lettre de l'Alphabet D
94%
Lettre de l'Alphabet P
94%
Lettre de l'Alphabet C
93%
Lettre de l'Alphabet G
93%
Lettre de l'Alphabet K
90%
Lettre Trouvée U
90%
Lettre Bien Placée N
89%
Lettre Bien Placée A
86%
Lettre de l'Alphabet H
84%
Lettre de l'Alphabet W
80%
Lettre de l'Alphabet V
75%
Lettre Bien Placée U
74%
Lettre de l'Alphabet Y
71%
Lettre de l'Alphabet X
68%
Lettre Bien Placée I
63%
Lettre Bien Placée U
61%
Lettre de l'Alphabet J
59%
Lettre de l'Alphabet Z
56%
Lettre Trouvée F
50%
Lettre Bien Placée F
49%
Lettre de l'Alphabet Q
49%
Lettre Bien Placée T
45%
Lettre Bien Placée F
44%
Capitale Mystère Funafuti
44%
Aucun quiz correspondant
Distribution des résultats
% des personnes avec chaque résultat
Percentile par nombre de réponses
Votre historique - résultats
Vous n’avez pas pris ce quiz